Liberalismo y Democracia /

Recuento histórico y filosófico-político de los problemas derivados de la correlación entre liberalismo y democracia.

সংরক্ষণ করুন:
গ্রন্থ-পঞ্জীর বিবরন
প্রধান লেখক: Bobbio, Norberto (autor)
বিন্যাস: গ্রন্থ
ভাষা:স্প্যানিশ
প্রকাশিত: México : Fondo de Cultura Económica, 1989
মালা:(Breviarios ; 476)
বিষয়গুলি:
ট্যাগগুলো: ট্যাগ যুক্ত করুন
কোনো ট্যাগ নেই, প্রথমজন হিসাবে ট্যাগ করুন!

MARC

LEADER 00000nam^a2200000^a^4500
001 000026497
005 20250521000000.0
009 20260310084733.256
020 |a 968-16-3214-1 
037 |a Acervo ITESO - Biblioteca 
041 |a ESP 
082 |a 082.  |b BRE V. 476 
100 |a Bobbio, Norberto  |e (autor) 
245 1 0 |a Liberalismo y Democracia /  |c N. Bobbio; tr. por: J.F. Fernández Santillán. 
264 1 |a México :  |b Fondo de Cultura Económica,  |c 1989 
300 |a 115 p. 
336 |a texto  |b txt  |2 rdacontenido 
337 |a sin mediación  |b n  |2 rdamedio 
338 |a volumen  |b nc  |2 rdasoporte 
440 1 |a (Breviarios ;  |v 476) 
520 |a Recuento histórico y filosófico-político de los problemas derivados de la correlación entre liberalismo y democracia. 
649 |a XX 
650 |a Política 
650 |a Liberalismo 
650 |a Democracia 
910 |a Fondo General 
920 |a Impresos - Libros 
930 |a Colección General 
905 |a 101 
901 |a 0264970100  |b IT1  |c ACC  |i 026497  |u 20250521 
901 |a 0500070209  |b IT1  |c ACC  |u 20250521 
902 |a https://opac.biblio.iteso.mx/vufind/Record/000026497